Loga klubów w 1 Lidze - Statystyki

Ogólne statystyki
  • Ten quiz został rozwiązany 525 razy
    64 od ostatniego zresetowania
  • Średni wynik to 17 z 18
Statystyki odpowiedzi
Obrazkowy Odpowiedź % Poprawnych
Puszcza Niepołomice
100%
Ruch Chorzów
100%
Stal Mielec
100%
Wisła Kraków
100%
ŁKS Łódź
98%
Polonia Warszawa
98%
Śląsk Wrocław
97%
GKS Tychy
95%
Wieczysta Kraków
95%
Znicz Pruszków
95%
Odra Opole
93%
Miedź Legnica
91%
Pogoń Siedlce
88%
Polonia Bytom
88%
Stal Rzeszów
88%
Górnik Łęczna
86%
Chrobry Głogów
81%
Pogoń Grodzisk Mazowiecki
74%
Nie znaleziono quizów pasujących do podanych kryteriów
Rozkład punktacji
Procent ludzi z każdym wynikiem
Percentyl według liczby udzielonych odpowiedzi
Twoja historia wyników
Nie rozwiązałeś tego quizu od ostatniego zresetowania